SUPLEMENTÁCIA LUTEÁLNEJ FÁZY V CYKLOCH IN VITRO FERTILIZÁCIE

Bibliographic Details
Main Authors: Toporcerová, Silvia (Author), Balasičová, K. (Author)
Format: Article
Language:Slovak

MARC

LEADER 00000nab a2200000 a 4500
001 vtls010736876
003 SK-MaSNL
005 20260304192638.0
008 250709s2008 xo |||||||||||||||||slo|
035 |a (urnnbn)urn:nbn:sk:snk:ar-a05j5c 
035 |a (uuid)770c2d4d-e899-4259-876c-a628f6b61f74 
035 |a urn:nbn:sk:snk-ab3y6f 
040 |a SNKBUCL  |b slo  |c SNKBUCL  |e AACR2 
041 0 |a slo 
044 |a xo  |c SK 
100 1 |a Toporcerová, Silvia  |4 aut  |9 625255 
245 1 0 |a SUPLEMENTÁCIA LUTEÁLNEJ FÁZY V CYKLOCH IN VITRO FERTILIZÁCIE  |c Silvia Toporcerová, K. Balasičová 
700 1 |a Balasičová, K.  |4 aut  |9 1175103 
773 0 |t Gynekológia pre prax  |g Roč. 6, č. 2 (2008), s. 106-109 
850 |a Slovenská národná knižnica 
852 |a Slovenská národná knižnica 
954 |a odborná, vedecká literatúra pôvodná (slovenská)  |2 lita 
958 |a article1 
958 |a OND 
958 |a EUIPO 
999 |c 3063549  |d 3065479